000 00331nam a22001457a 4500
008 210302b ||||| |||| 00| 0 eng d
020 _a01290674
041 _aeng
080 _a339.9
082 _a339.9
100 _a59
101 _aGLOB
245 _aGlobalization a Very Short Introduction
_cSteger, M. B
942 _2udc
_cBK
999 _c55459
_d55459